000 00456nam a2200157Ia 4500
008 210716s2001 xx 000 0 und d
020 _a0324072805
041 _aeng
082 _a338.5 HALR
100 _aHall, Robert E;Lieberman, Marc.
245 _aMicroeconomics: principles and applications.
_bPrinciples and applications.
250 _a2
260 _aOhio
_bSouth western college publishing
_c2001
300 _axvi,512,I-8
650 _aEconomics
999 _c200961
_d200961